Multiple Choice City Quiz – Santa Clarita - Statistics

General Stats
  • This quiz has been taken 19 times
  • The average score is 4 of 10
Answer Stats
Question Answer % Correct
Which amusement park is located in Santa Clarita? Six Flags Magic Mountain
67%
What league does the Santa Clarita Blue Heat play for? USL W League
53%
What year did the horror comedy show Santa Clarita Diet debut? 2017
47%
Who is the current mayor of Santa Clarita? Bill Miranda
47%
Which interstate goes through Santa Clarita? I-5
47%
What year did the Saugus High School shooting occur? 2019
40%
The Santa Clarita marathon was formerly ran in November before 2022. When is it held now? February
40%
Who founded the California Institute of the Arts in Santa Clarita? Walt Disney
33%
Who founded the current daily newspaper for Santa Clarita, The Santa Clarita Valley Signal? Edward Brown
27%
The Santa Clarita valley is located in between three mountain ranges. What larger range do they make up? Transverse Ranges
13%
No matching quizzes found
Score Distribution
Percent of People with Each Score
Percentile by Number Answered
Your Score History
You have not taken this quiz